Hravý početník 5 : procvičovací sešit pro 5. ročník ZŠ : v souladu s RVP ZV /

Hlavní autor: Bártová, Marie
Další autoři: Rylková, Magdaléna, Rybová, Jovanka
Jazyk: Čeština
Vydáno: Praha : Taktik, 2023
Vydání: 2. vydání
Témata:
Fyzický popis: 2 svazky (36; 40 stran) ; 21 cm
Odebírané svazky: Díl 1-2
Knihy
Uloženo v:
LEADER 02018cam a2200517 ia4500
001 nkc20243586695
003 CZ PrNK
005 20250328092811.0
007 ta
008 231009s2023 xr c p 000 0 cze d
015 |a cnb003586695 
020 |a 978-80-7563-541-9  |q (1. díl ;  |q brožováno) 
020 |a 978-80-7563-542-6  |q (2. díl ;  |q brožováno) 
035 |a (OCoLC)1514347073 
040 |a OSA001  |b cze  |d OLA001  |d ABA001  |e rda 
072 7 |a 51  |x Matematika  |2 Konspekt  |9 13 
072 7 |a 37.016  |x Učební osnovy. Vyučovací předměty. Učebnice  |2 Konspekt  |9 22 
080 |a 51  |2 MRF 
080 |a (075.2)  |2 MRF 
080 |a (076.1)  |2 MRF 
100 1 |a Bártová, Marie  |7 mzk2012729773  |4 aut 
245 1 0 |a Hravý početník 5 :  |b procvičovací sešit pro 5. ročník ZŠ : v souladu s RVP ZV /  |c autoři: Marie Bártová, Magdaléna Rylková, Jovanka Rybová 
246 3 0 |a Početník 5 
250 |a 2. vydání 
264 1 |a Praha :  |b Taktik,  |c 2023 
300 |a 2 svazky (36; 40 stran) ;  |c 21 cm 
336 |a text  |b txt  |2 rdacontent 
337 |a bez média  |b n  |2 rdamedia 
338 |a svazek  |b nc  |2 rdacarrier 
500 |a Název z obálky 
500 |a Autorkou 2. dílu je pouze Jovanka Rybová 
650 0 7 |a matematika  |7 ph117231  |x úlohy  |2 czenas 
650 0 9 |a mathematics  |x problems, exercises, etc.  |2 eczenas 
655 7 |a učebnice základních škol  |7 fd133773  |2 czenas 
655 7 |a pracovní sešity  |7 fd133116  |2 czenas 
655 9 |a textbooks (elementary)  |2 eczenas 
655 9 |a activity books  |2 eczenas 
700 1 |a Rylková, Magdaléna  |7 jo2016917556  |4 aut 
700 1 |a Rybová, Jovanka  |7 jo2015855003  |4 aut 
910 2 |a BOA001  |b 2-1539.751  |s Díl 1-2 
920 |a 006508262  |z OSA001 
990 |a BK 
995 |a 01 
991 |b 202503  |c NOV 
996 6 |b 2610997870  |c 2-1539.751  |d 1. díl  |v 1  |l MZK  |r Sklad / do 1 hodiny  |n 0  |p p.v.  |w 001998216  |u 000010  |a 1  |e BOA001  |j MZK50  |s P 
996 6 |b 2610997871  |c 2-1539.751  |d 2. díl  |v 2  |l MZK  |r Sklad / do 1 hodiny  |n 1  |p p.v.  |w 001998216  |u 000020  |a 1  |e BOA001  |j MZK50  |s P